000 00684nam a2200205Ia 4500
003 GCL
008 140319s9999 xx 000 0 ara d
040 _aGCL /
_cGCL
082 0 4 _a330.159
_bل ا
100 1 _aاسماعيل صبرى عبدالله
245 1 0 _aالاقتصاد السياسى : القضايا العامة /
_cاسماعيل صبرى عبدالله
700 1 _aراشد البراوى
700 1 _aلانج، اوسكار
300 _a373 ص
490 _aالمؤلفات الاساسية فى علم الاقتصاد
_v0
650 0 4 _aالاقتصاد
650 0 4 _aالاشتراكية
650 0 4 _aالاقتصاد المخطط
942 _2ddc
_cBK
999 _c46809
_d46809